| 000 | 00373nam a2200157Ia 4500 | ||
|---|---|---|---|
| 008 | 230312s9999||||xx |||||||||||||| ||und|| | ||
| 020 | _a9781582558370 | ||
| 082 |
_a612 _bANS-P |
||
| 100 | _aAnsal ,Howard | ||
| 245 | 0 | _aPharmaceutical Calculation | |
| 260 |
_bWolter Kluwer _c2009 |
||
| 300 | _a444 | ||
| 546 | _aEng. | ||
| 650 |
_aPharmacy _vPharmaceutical |
||
| 942 | _cBK | ||
| 999 |
_c4430 _d4430 |
||